Ecuador : la investigación en la educación, estado de la cuestión
| Autor principal: | |
|---|---|
| Formato: | Libro |
| Lenguaje: | español |
| Publicado: |
Quito, Ecuador :
CEPP,
1993
|
| Materias: |
MARC
| LEADER | 00000nam a2200000Ia 4500 | ||
|---|---|---|---|
| 008 | 180606b1993 ec ||||| |||| 00| | spa d | ||
| 999 | |c 1119 |d 1119 | ||
| 020 | |a 9978-82-356-5 | ||
| 090 | |a 06.01.00 |b 319 | ||
| 100 | |a Rodas, Raquel |9 3730 | ||
| 245 | 1 | 0 | |a Ecuador : la investigación en la educación, estado de la cuestión |
| 260 | |a Quito, Ecuador : |b CEPP, |c 1993 | ||
| 300 | |a 56 páginas | ||
| 650 | 1 | 4 | |a INVESTIGACIÓN EDUCATIVA |9 326 |
| 650 | 1 | 4 | |a FORMACIÓN DE DOCENTES |9 9 |
| 942 | |i 00445 |h 06.01.00 319 |2 z |c 01 | ||
